MARC details
| 000 -CABECERA |
| campo de control de longitud fija |
01096nam a2200253 a 4500 |
| 001 - NÚMERO DE CONTROL |
| campo de control |
000020535 |
| 005 - FECHA Y HORA DE LA ÚLTIMA TRANSACCIÓN |
| campo de control |
20200930011126.0 |
| 008 - DATOS DE LONGITUD FIJA--INFORMACIÓN GENERAL |
| campo de control de longitud fija |
100810s1997 dr r 000 0 fre d |
| 040 ## - FUENTE DE LA CATALOGACIÓN |
| Centro catalogador/agencia de origen |
DO-SdBNP |
| Lengua de catalogación |
spa |
| Centro/agencia transcriptor |
BNPHU |
| 082 ## - NÚMERO DE LA CLASIFICACIÓN DECIMAL DEWEY |
| Número de clasificación |
306.3097293 |
| Número de documento/Ítem |
M981c |
| 100 1# - ENTRADA PRINCIPAL--NOMBRE DE PERSONA |
| Nombre de persona |
Murray, Gerald F. |
| 9 (RLIN) |
22540 |
| 245 13 - MENCIÓN DE TÍTULO |
| Título |
El colmado : |
| Resto del título |
una exploración antropológica del negocio de comidas y bebidas en la República Dominicana / |
| Mención de responsabilidad, etc. |
Gerald F. Murray. |
| 260 ## - PUBLICACIÓN, DISTRIBUCIÓN, ETC. |
| Lugar de publicación, distribución, etc. |
Santo Domingo : |
| Nombre del editor, distribuidor, etc. |
FONDOMICRO, |
| Fecha de publicación, distribución, etc. |
1997. |
| 300 ## - DESCRIPCIÓN FÍSICA |
| Extensión |
379 p. : |
| Otras características físicas |
il. ; |
| Dimensiones |
23 cm. |
| 500 ## - NOTA GENERAL |
| Nota general |
Incluye referencias bibliográficas y notas al pie de las páginas. |
| 504 ## - NOTA DE BIBLIOGRAFÍA, ETC. |
| Nota de bibliografía, etc. |
Bibliografía : p. 375-379 |
| 590 ## - NOTA LOCAL (RLIN) |
| Nota local |
Inventariado, 2018/BT |
| 650 #4 - PUNTO DE ACCESO ADICIONAL DE MATERIA--TÉRMINO DE MATERIA |
| Término de materia o nombre geográfico como elemento de entrada |
Comércio de abarrotes |
| Subdivisión geográfica |
República Dominicana |
| 9 (RLIN) |
22541 |
| 650 #4 - PUNTO DE ACCESO ADICIONAL DE MATERIA--TÉRMINO DE MATERIA |
| Término de materia o nombre geográfico como elemento de entrada |
Abastecimietos de alimentos |
| Subdivisión geográfica |
República Dominicana |
| 9 (RLIN) |
22542 |
| 650 #4 - PUNTO DE ACCESO ADICIONAL DE MATERIA--TÉRMINO DE MATERIA |
| Término de materia o nombre geográfico como elemento de entrada |
Comercio e indústria alimentaria |
| Subdivisión geográfica |
República Dominicana |
| 9 (RLIN) |
22543 |
| 700 12 - PUNTO DE ACCESO ADICIONAL--NOMBRE DE PERSONA |
| Nombre de persona |
Canals, Jeannette, |
| Término indicativo de función/relación |
ed. y diagr. |
| 9 (RLIN) |
10203 |
| 710 2# - PUNTO DE ACCESO ADICIONAL--NOMBRE DE ENTIDAD CORPORATIVA |
| Nombre de entidad corporativa o nombre de jurisdicción como elemento de entrada |
Fondo para el Financiamiento de la Microempresa (República Dominicana) |
| 9 (RLIN) |
9642 |
| 910 ## - DATOS DE OPCIÓN DEL USUARIO (OCLC) |
| Datos de opción del usuario |
Validado. Control de calidad. MFF |